Statistics for Pirates of the Carribean Films

Click here to take the quiz!

General Stats

  • This quiz has been taken 37 times
  • The average score is 4 of 5

Answer Stats

HintAnswer% Correct
2003The Curse of the Black Pearl
93%
2006Dead Man's Chest
90%
2007At World's End
83%
2017Dead Men Tell No Tales
76%
2011On Stranger Tides
69%

Score Distribution

Percentile by Number Answered

Percent of People with Each Score

Your Score History

You have not taken this quiz